Clinical and experrimental studies of alcoholic liver disease and liver fibrosis

Đã lưu trong:
书目详细资料
主要作者: Anne Bosma
格式: 图书
语言:Undetermined
出版: Rijswijk TNO institute for experimental gerontology 1991
主题:
标签: 添加标签
没有标签, 成为第一个标记此记录!
Thư viện lưu trữ: Trung tâm Học liệu Trường Đại học Cần Thơ
LEADER 00540nam a2200169Ia 4500
001 CTU_45929
008 210402s9999 xx 000 0 und d
082 |a 616.362 
082 |b B743 
100 |a Anne Bosma 
245 0 |a Clinical and experrimental studies of alcoholic liver disease and liver fibrosis 
245 0 |c Anne Bosma 
260 |a Rijswijk 
260 |b TNO institute for experimental gerontology 
260 |c 1991 
650 |a alcoho;ic liver disease,liver fibrosis 
980 |a Trung tâm Học liệu Trường Đại học Cần Thơ